| 000 | 00629nam a22002057a 4500 | ||
|---|---|---|---|
| 003 | PILC | ||
| 005 | 20150930130430.0 | ||
| 008 | 130227t xxu||||| |||| 00| 0 eng d | ||
| 020 | _a9789719349181 | ||
| 050 |
_aHF 5635 _b.Ab141 2009 |
||
| 082 |
_aASF 657.21 _bW25 2005 |
||
| 100 | _aAbeleda, Nelson S. | ||
| 245 |
_aSimplified accounting for partnership & corporation / _cNelson S. Abeleda. |
||
| 250 | _a2012 edition. | ||
| 260 |
_aParaƱaque City : _bNelson Publications, _c2009. |
||
| 300 |
_avi, 364 pages : _billustration ; _c26 cm . |
||
| 500 | _aIncludes index. | ||
| 650 | _aAccounting. | ||
| 942 |
_2lcc _cBK _kLOC |
||
| 999 |
_c288779 _d288779 |
||